1753 1753 1751 1021 1660 1297 1465 1612 1841 1815 1120 1867 1641 1851 1186 1939 1971 1020 1418 1719 1425 1271 1245 1560 1188 1415 1940 1090 1413 1668 1427 1537 1298 1119 1599 1794 1854 1914 1948 1185 1848 1445 1883 1368 1477 1894 1643 1302 1988 1658 1259 1611 1516 1212 1999 1601 1998 1634 1582 1175 1038 1965 1499 1623 1688 1074 1732 1061 1210 1712 1672 1055 1358 1550 1692 1000 1794 1411 1231 1780 1315 1867 1540 1295 1202 1960 1319 1544 1704 1618 1819 1125 1584 1905 1570 1734 1539 1932 1529 BCNSPRNW ULIB Ver.6.0+V

เปลี่ยนเป็นภาษาไทย

Change to English
 แสดงรายละเอียดบรรณานุกรม
  กลับหน้าหลัก

Brief Record : Get Marc (ISO 2709) : E-mail record : QR code < ปิดหน้าต่าง
LEADER : 00000nam 2200000uu 4500
001    13399121576
003     ULIB
008    121123s2550||||th 000 0 tha d
060  4 ^aWV100^bว432ร
100 0  ^aวันทนีย์ บุญบงการ
245 00 ^aความรู้เรื่องโรค:โรคทางระบบหู ตา คอ จมูกและกลุ่มอุบัติเหตุ/^cวันทนีย์ บุญบงการ
260    ^aกรุงเทพฯ:^bสำนักพิมพ์ยูบุ๊ค,^c2550
300    ^a79 หน้า :^bภาพประกอบสี
650  7 ^aโรคทางระบบหู ตา คอ จมูก
650  7 ^aอุบัติเหตุ
856    ^aวิภา
945    ^p0^l0^i16236
999 ^a ใช้งานได้ทุกระบบ
รายการนี้ยังไม่มีแท็ก
คุณยังไม่ได้ล็อกอิน คุณสามารถมีกิจกรรมร่วมกับเว็บไซต์ได้ แต่ต้องล็อกอินก่อน ::
  ล็อกอิน

รายการสื่อสารสนเทศ

ลำดับที่ ประเภท เลขเรียก/บาร์โค้ด สถานที่ สถานะ
1. วิทยาศาสตร์การแพทย์ และสุขภาพ
วิทยาศาสตร์การแพทย์ และสุขภาพ
WV100 ว432ร  
  Barcode: 16236
ห้องสมุดวิทยาเขตสวรรค์ประชารักษ์
►ส่วนจัดเก็บหนังสือเก่า สปร
บนชั้น
  ขอยืม

รายการใกล้เคียง
    ผู้แต่ง [วันทนีย์ บุญบงการ]

    หัวเรื่อง [โรคทางระบบหู ตา คอ จมูก]
    หัวเรื่อง [อุบัติเหตุ]

BibComment


ยังไม่เคยถูกคอมเมนท์

คอมเมนท์ทรัพยากรรายการนี้
  คอมเมนท์: ความรู้เรื่องโรค..


 Copyright 2026. Bcnsprnw @Library